Normal view
MARC view
Entry Nombre personal
001 - NÚMERO DE CONTROL
- campo de control: 12825
003 - IDENTIFICADOR DEL NÚMERO DE CONTROL
- campo de control: FranzMayer
005 - FECHA Y HORA DE LA ÚLTIMA TRANSACCIÓN
- campo de control: 20190320204917.0
008 - DATOS DE LONGITUD FIJA
- campo de control de longitud fija: 190320|| aca||aabn | a|a d
040 ## - FUENTE DE LA CATALOGACIÓN
- Centro catalogador/agencia de origen: FranzMayer
- Centro/agencia transcriptor: FranzMayer
100 ## - ENCABEZAMIENTO-NOMBRE DE PERSONA
- Nombre de persona: Gómez Farias, José María Valentín
- Títulos y otros términos asociados al nombre: Vice-Presidente de los Estados Unidos Mexicanos
- Fechas asociadas al nombre: 1781-1858
670 ## - FUENTE DE DATOS ENCONTRADOS
- Cita de la fuente: Work cat.: (FranzMayer): Gómez Farias, José María Valentín Vice-Presidente de los Estados Unidos Mexicanos 1781-1858, Documento firmado por el C. Valentín Gómez Farias Vice-Presidente de los Estados Unidos Mexicanos, 1834